Balanzas de pagos: 1979 - 1993

Guardat en:
Dades bibliogràfiques
Autor corporatiu: Centro Iberoamericano de Enseñanza de Estadística (Autor)
Format: Llibre
Idioma:espanyol
Publicat: Santiago CIENES 1994
Col·lecció:Documento de Trabajo del Cienes
Matèries:
Etiquetes: Afegir etiqueta
Sense etiquetes, Sigues el primer a etiquetar aquest registre!

MARC

LEADER 00000nam a2200000 a 4500
001 UCZ6973
003 CL-VaPUC
008 951222e19940000CL |||||||||||||||||spa|d
082 0 4 |a 382.17  |b CEN  |2 21 
110 2 |a Centro Iberoamericano de Enseñanza de Estadística  |e author  |9 351625 
245 1 0 |a Balanzas de pagos: 1979 - 1993 
300 |a 125 P 
942 |c BK 
945 |d 19951222 00:00:00  |a rleighto 
260 |a Santiago  |b CIENES   |c 1994 
650 7 |a BALANZAS DE PAGOS  |2 CL-VaPUC  |9 351626 
650 0 |a Economía   |9 255568 
650 7 |a SISTEMAS MONETARIOS INTERNACIONALES  |2 CL-VaPUC  |9 351627 
650 0 |a Finanzas  |9 260832 
650 7 |a COMERCIO INTERNACIONAL  |2 CL-VaPUC  |9 351628 
650 7 |a SISTEMAS ECONOMICOS INTERNACIONALES  |2 CL-VaPUC  |9 338633 
583 |a last modification  |c 19951222 00:00:00  |k Rodrigo Vera 
490 0 |a Documento de Trabajo del Cienes 
999 |c 243110  |d 243108 
952 |0 0  |1 0  |4 0  |6 382_170000000000000_CEN_1994  |7 0  |8 A  |9 256544  |a BIBENE  |b BIBENE  |d 2019-11-19  |i 3162222  |o 382.17 CEN 1994  |p 3162222  |r 2025-01-15  |w 2019-11-19  |y BK  |k ICO